Nezdaniteľná časť základu dane na daňovníka platná pre roky 2014 aj 2015

Základ dane, resp. čiastkový základ dane je možné znížiť o nezdaniteľné časti základu dane (pre rok 2014 aj 2015 je na úrovni 198,09 eura).

Guardado en:
Detalles Bibliográficos
Autor principal: Válek, Juraj, 1981-
Formato: Capítulo de libro
Lenguaje:eslovaco
Materias:
Etiquetas: Agregar Etiqueta
Sin Etiquetas, Sea el primero en etiquetar este registro!

MARC

LEADER 00000nla a2200000 4500
001 0196806
005 20240502073322.0
041 0 |a slo 
044 |a SK 
245 1 0 |a Nezdaniteľná časť základu dane na daňovníka platná pre roky 2014 aj 2015  |c Juraj Válek 
520 |a Základ dane, resp. čiastkový základ dane je možné znížiť o nezdaniteľné časti základu dane (pre rok 2014 aj 2015 je na úrovni 198,09 eura). 
610 2 0 |a základ dane 
610 2 0 |a oslobodenie od daní 
610 2 0 |a minimum existenčné 
100 1 |a Válek, Juraj, 1981-